Factores que inciden en el desempeño de los docentes de la Escuela de Estudios de Postgrado de la Facultad de Ingeniería de la Universidad de San Carlos de Guatemala / (Registro nro. 2405)

Detalles MARC
000 -LEADER
campo de control de longitud fija 02133nam a22003497a 4500
001 - NÚMERO DE CONTROL
campo de control 42835
003 - IDENTIFICADOR DE NÚMERO DE CONTROL
campo de control gtgccic
005 - FECHA Y HORA DE LA ÚLTIMA TRANSACCIÓN
campo de control 20251023154417.0
007 - CAMPO FIJO DE DESCRIPCIÓN FÍSICA--INFORMACIÓN GENERAL
campo de control de longitud fija ta
008 - DATOS DE LONGITUD FIJA--INFORMACIÓN GENERAL
campo de control de longitud fija 251023b gt ||||| |||| 00| 0 spa d
040 ## - FUENTE DE CATALOGACIÓN
Centro catalogador/agencia de origen gtgccic
Lengua de catalogación spa
Centro/agencia transcriptor gtgccic
Normas de descripción rda
084 ## - OTRO NÚMERO DE CLASIFICACIÓN
Número de control del registro de autoridad o número normalizado TPI-15-0083
100 10 - ENTRADA PRINCIPAL--NOMBRE DE PERSONA
Nombre de persona Hugo Humberto Rivera Pérez
Fechas asociadas al nombre Ingeniero Mecánico Industrial
Término indicativo de función/relación autor
245 10 - MENCIÓN DEL TÍTULO
Título Factores que inciden en el desempeño de los docentes de la Escuela de Estudios de Postgrado de la Facultad de Ingeniería de la Universidad de San Carlos de Guatemala /
Mención de responsabilidad, etc. Rivera Pérez, Hugo Humberto
264 #1 - PRODUCCIÓN, PUBLICACIÓN, DISTRIBUCIÓN, FABRICACIÓN Y COPYRIGHT
Producción, publicación, distribución, fabricación y copyright Guatemala, Guatemala :
Nombre del de productor, editor, distribuidor, fabricante USAC, Facultad de Ingeniería ;
Fecha de producción, publicación, distribución, fabricación o copyright 2015.-
300 ## - DESCRIPCIÓN FÍSICA
Extensión xx, 91 p. :
Otras características físicas il. ;
Dimensiones 27 cm
336 ## - TIPO DE CONTENIDO
Fuente rdacontenido
Término de tipo de contenido Texto
Código de tipo de contenido txt
337 ## - TIPO DE MEDIO
Fuente rdamedio
Nombre/término del tipo de medio sin mediación
Código del tipo de medio n
338 ## - TIPO DE SOPORTE
Fuente rdasoporte
Nombre/término del tipo de soporte volumen
Código del tipo de soporte nc
502 ## - NOTA DE TESIS
Nota de tesis Tesis Postgrado
Tipo de título MAESTRO EN GESTIÓN INDUSTRIAL
Nombre de la institución que otorga el título USAC, Facultad de Ingeniería, Escuela de Postgrado
Año de obtención del título 2015
Identificador de la tesis TPI-15-0083
504 ## - NOTA DE BIBLIOGRAFÍA, ETC.
Nota de bibliografía, etc. Nota Bibliografía pag. 87
505 ## - NOTA DE CONTENIDO CON FORMATO
Título 1. MARCO TEÓRICO Y CONCEPTUAL
505 ## - NOTA DE CONTENIDO CON FORMATO
Título 2. RESUMEN MARCO METODOLÓGICO
505 ## - NOTA DE CONTENIDO CON FORMATO
Título 3. PRESENTACIÓN DE RESULTADOS
505 ## - NOTA DE CONTENIDO CON FORMATO
Título 4. DISCUSIÓN DE RESULTADOS
520 #3 - RESUMEN, ETC.
Sumario, etc. La Escuela de Estudios de Postgrados de la Facultad de Ingeniería está en busqueda de la excelencia académica y del reconocimiento de sus programas de maestría. Uno de los objetivos es formar recurso humano a nivel científico superior, que sean capaces de diseñar, ejecutar y dirigir programas de investigación, docencia y servicios en el campo de la ingeniería, para contribuir al desarrollo de Guatemala. Para lograr cumplir los objetivos con éxito es necesario conocer las fortalezas y debilidades de los diferentes aspectos que influyen en la formación de los futuros profesionales, siendo una de ellas el desempeño del personal docente para realizar una buena transferencia de conocimientos y que el sistema de enseñanza-aprendizaje esté siempre en mejora continua.
651 ## - PUNTO DE ACCESO ADICIONAL DE MATERIA--NOMBRE GEOGRÁFICO
Nombre geográfico DOCENTES
651 ## - PUNTO DE ACCESO ADICIONAL DE MATERIA--NOMBRE GEOGRÁFICO
Nombre geográfico FACULTAD DE INGENIERÍA
700 ## - ENTRADA AGREGADA--NOMBRE PERSONAL
Nombre de persona Dra. Mayra Virginia Castillo Montes
942 ## - ELEMENTOS DE ENTRADA SECUNDARIOS (KOHA)
Fuente de la clasificación o esquema de estantería Clasificación Decimal Dewey
Tipo de ítem Koha TESISPOSTGRADO
945 ## - PROCESAMIENTO DE INFORMACIÓN LOCAL (OCLC)
a amlo
Existencias
Estatus retirado Estado de pérdida Fuente de la clasificación o esquema de estantería Estado de daño No para préstamo Biblioteca de origen Biblioteca actual Fecha de adquisición Número de inventario Total de préstamos Signatura topográfica completa Código de barras Visto por última vez Precio de reemplazo Tipo de ítem Koha Nota pública
    Clasificación Decimal Dewey     CENTRO DE INFORMACIÓN A LA CONSTRUCCIÓN-CICON CENTRO DE INFORMACIÓN A LA CONSTRUCCIÓN-CICON 23/10/2025 P-2015-0083   TPI-15-0083 20150083 23/10/2025 23/10/2025 TESISPOSTGRADO disponible